| 000 -LEADER |
| fixed length control field |
00913cam a22002297i 4500 |
| 001 - CONTROL NUMBER |
| control field |
18672411 |
| 005 - DATE AND TIME OF LATEST TRANSACTION |
| control field |
20221110131239.0 |
| 008 - FIXED-LENGTH DATA ELEMENTS--GENERAL INFORMATION |
| fixed length control field |
150624s2016 caua 001 0 eng d |
| 020 ## - INTERNATIONAL STANDARD BOOK NUMBER |
| International Standard Book Number |
9781483383576x |
| 041 ## - LANGUAGE CODE |
| Language code of text/sound track or separate title |
eng |
| 080 ## - UNIVERSAL DECIMAL CLASSIFICATION NUMBER |
| Universal Decimal Classification number |
004.42 А-31 |
| 100 1# - MAIN ENTRY--PERSONAL NAME |
| Personal name |
Aldrich, James O. |
| 9 (RLIN) |
12949 |
| 245 10 - TITLE STATEMENT |
| Title |
Using IBM SPSS statistics : |
| Remainder of title |
an interactive hands-on approach / |
| Statement of responsibility, etc. |
James O. Aldrich, James B. Cunningham. |
| 250 ## - EDITION STATEMENT |
| Edition statement |
Second edition. |
| 264 #1 - PRODUCTION, PUBLICATION, DISTRIBUTION, MANUFACTURE, AND COPYRIGHT NOTICE |
| Place of production, publication, distribution, manufacture |
Thousand Oaks, California : |
| Name of producer, publisher, distributor, manufacturer |
Sage Publications Inc., |
| Date of production, publication, distribution, manufacture, or copyright notice |
[2016]. |
| 300 ## - PHYSICAL DESCRIPTION |
| Extent |
xxiii, 447 pages : |
| Other physical details |
illustrations (some color) ; |
| Dimensions |
24 cm. |
| 653 ## - INDEX TERM--UNCONTROLLED |
| keyword |
საინფორმაციო ტექნოლოგიები |
| 653 ## - INDEX TERM--UNCONTROLLED |
| keyword |
კომპიუტერული პროგრამები |
| 653 ## - INDEX TERM--UNCONTROLLED |
| keyword |
Информационные технологии |
| 700 1# - ADDED ENTRY--PERSONAL NAME |
| Personal name |
Cunningham, James B. |
| Dates associated with a name |
|
| Relator term |
ავტორი |
| 9 (RLIN) |
12953 |
| 942 ## - ADDED ENTRY ELEMENTS (KOHA) |
| Source of classification or shelving scheme |
|
| Koha item type |
წიგნი |